=LDR 00000nam 2200000 4500 =001 INLIS000000000010132 =005 20130612101842 =008 ***********************************Ind** =035 ##$$0010-061300000010132 =041 ##$$a Ind =082 ##$$a 025.170 4 =090 ##$$a 025.170 4, Sed t =100 ##$$a Sedarmayanti =245 ##$$a Tata kearsifan dengan memanfaatkan teknologi modern, DR. Sedarmayanti, M.Pd =260 ##$$a 2003 $b Bandung =300 ##$$a xii, 156 hlm, ilus, 21 cm =650 ##$$a Arsip dan Kearsipan =850 ##$$a NBPNMAT